| 000 | 00940nam a2200289 i 4500 | ||
|---|---|---|---|
| 001 | 000007218 | ||
| 003 | DO-SdBNP | ||
| 005 | 20250307084656.0 | ||
| 007 | ta | ||
| 008 | 090907s1993 dr a 001 0 spa d | ||
| 040 |
_aDO-SdBNP _bspa _cBNPHU _erda |
||
| 082 |
_a370.71 _bV234p _222 |
||
| 100 |
_aVanderhorst, Rosa _936833 |
||
| 245 | 1 | 0 |
_aPrograma de entrenamiento de profesores. Módulo : _brecursos didacticos / _cRosa Vanderhorst , Norca Ligia Peralta |
| 264 |
_aSanto Domingo : _bEduca, _c1993 |
||
| 300 |
_a105 paginas. : _bilustraciones. ; _c22 cm. |
||
| 336 |
_2rdacontent _atexto _btxt |
||
| 337 |
_2rdamedia _asin mediación _bn |
||
| 338 |
_2rdacarriaer _avolumen _bnc |
||
| 590 | _aInventariado, 2023 / DG | ||
| 650 | 4 | _aCapacitación docente | |
| 650 | 4 |
_aEntrenamiento en servicio de maestros _917487 |
|
| 650 | 0 |
_aMaestros _917439 |
|
| 700 | 1 |
_aPeralta P., Norca Ligia _eautor _983918 |
|
| 910 | _aDG | ||
| 942 |
_2ddc _cLBS1 |
||
| 999 |
_c53947 _d53947 |
||